000 00839nam a22002297a 4500
008 090203t xxu||||| |||| 00| 0 eng d
010 _aENG-92786
020 _c250.00
_a9788190745925
035 _aEN-76319
037 _bDBAD / PUB
040 _adpl
_bEnglish
082 _a006.6
100 _aBell, T. Beula
245 _aComputer graphics /
_cby T. Beula Bell
260 _aKanyakumari
_bIdeal Publications
_c2007
270 _aRuby Garden, Mankarai & P.O.
_bKanayakumari
300 _a304p.:
_c26cm (pbk)
_bill.
500 _aIncludes bibliographical references
650 _aComputer graphics
942 _2ddc
_cEN
_mBEL
_h006.6
999 _c22905
_d22905